000 01419cam a22003734a 4500
001 14362176
003 OSt
005 20220113073033.0
008 060503s2006 nyua 001 0deng
010 _a 2006042967
020 _a1583332626
020 _a9781583332627
020 _a9781583332627
035 _a(OCoLC)ocm68786818
035 _a(OCoLC)68786818
040 _aMMU
_cMMU
_dMMU
_beng
042 _apcc
043 _an-us---
050 0 0 _aRC628
_b.B399 2006
082 0 0 _a362.196/3980092
_aB
_222
100 1 _aBernard, Jami.
245 1 4 _aThe incredible shrinking critic :
_b75 pounds and counting : my excellent adventure in weight loss /
_cJami Bernard.
260 _aNew York :
_bAvery,
_cc2006.
300 _axv, 286 p. :
_bill. ;
_c24 cm.
500 _aIncludes index.
600 1 0 _aBernard, Jami
_xHealth.
650 0 _aOverweight women
_zUnited States
_vBiography.
650 0 _aWeight loss
_vCase studies.
856 4 2 _3Contributor biographical information
_uhttp://www.loc.gov/catdir/enhancements/fy0720/2006042967-b.html
856 4 2 _3Publisher description
_uhttp://www.loc.gov/catdir/enhancements/fy0720/2006042967-d.html
906 _a7
_bcbc
_corignew
_d1
_eocip
_f20
_gy-gencatlg
942 _2lcc
_cLOAN LOAN
999 _c16821
_d16821